Statistics for Countries That End In Stan

Click here to take the quiz!

General Stats

  • This quiz has been taken 20 times
  • The average score is 7 of 7

Answer Stats

Answer% Correct
2Afghanistan
100%
1Pakistan
100%
4Kazakhstan
95%
5Tajikistan
95%
7Turkmenistan
95%
6Kyrgyzstan
89%
3Uzbekistan
89%

Score Distribution

Percentile by Number Answered

Percent of People with Each Score

Your Score History

You have not taken this quiz